LEADER 00828nam a2200217 4500 001 000000356851 003 CaOOAMICUS 005 20240122092731.0 008 240122s1837 it 000 u ita r 040 $aSeMil$bita 100 11$aCarrer, Luigi,$d<1801-1850>.$0(OLS)http://semarc/name/89629 245 10$aVol. 1 /$cdi Luigi Carrer. 264 1$aVenezia :$bCo' Tipi del gondoliere,$c1837. 300 $a380 p. ;$c14 cm 773 0 $aCarrer, Luigi <1801-1850>$tProse e poesie.$dVenezia : Co' Tipi del gondoliere, 1837.$g1$w()356850 850 $aSeMil 852 $aSeMil$W1$xVenegono$y1$m1Q I 14 FA$j245531$B248049$CSeMilBibl$Z2$F248049 $8I 941 1 $a10 996 $6245$aVol. 1$9(OLS)http://semarc/title/55715 996 $6264$aVenezia :$bCo' Tipi del gondoliere$9(OLS)http://semarc/publisher/34876 LEADER 00950nam a2200229 i 4500 001 000000072712 003 CaOOAMICUS 005 20000412000000.0 008 000412n xx u000 u fre u 013 $a43884 020 $a3727812826 040 $aSeMil$bita 100 1 $aSpieser, Cathie.$0(OLS)http://semarc/name/36034 245 14$aLes noms du Pharaon :$bcomme êtres autonomes au Nouvel Empire. 490 0 $aOrbis Biblicus et Orientalis ;$v174 650 4$aDonna - Posizione sociale - Egitto antico.$0(OLS)http://semarc/subject/14715 830 0$aOrbis Biblicus et Orientalis ;$v174.$0(OLS)http://semarc/title/283 850 $aSeMil 852 $aSeMil$W1$xVenegono$y1$m2U VI 374$j38865$B38865$CSeMilBibl$Z2$F38868 $81 961 $aSottoscrizione: Casa editrice 996 $6020$a3727812826$9(OLS)http://semarc/number/52063 996 $6245$aLes noms du Pharaon :$bcomme êtres autonomes au Nouvel Empire$9(OLS)http://semarc/title/117311